| 000 | 00433nam a2200169Ia 4500 | ||
|---|---|---|---|
| 008 | 170705s9999 xx 000 0 und d | ||
| 020 | _a9780439738897 | ||
| 245 | _aWackiest white house pets / | ||
| 245 | _cby Gibbs Davis ; illustrated by David A. Johnson. | ||
| 260 | _aNew York : | ||
| 260 | _bScholastic, | ||
| 260 | _c2004 | ||
| 300 | _a48 pages : | ||
| 300 | _bcolor illustration ; | ||
| 300 | _c28cm. | ||
| 500 | _a860 | ||
| 999 |
_c337039 _d337039 |
||